000 00366nam a2200133Ia 4500
008 230411s9999 xx 000 0 und d
041 _aeng
082 _aPH/615.71/CHA/B07514
100 _aChatterjee Kanu
_9179611
245 _aCardiac Drugs : Evidence based approach
260 _bJaypee Brothers
_aNew Delhi
_c2013
300 _a514p
999 _c157631
_d157631